What Happened to Each USS Battleship - Statistics

General Stats
  • This quiz has been taken 28 times
  • The average score is 32 of 67
Answer Stats
Hint Answer % Correct
USS Montana (BB-22) Scrap
75%
USS North Dakota (BB-29) Scrap
75%
USS Florida (BB-30) Scrap
75%
USS Vermont (BB-20) Scrap
71%
USS Kansas (BB-21) Scrap
71%
USS Delaware (BB-28) Scrap
71%
USS Maryland (BB-46) Scrap
71%
USS Kentucky (BB-66) / (BBG-1) Scrap
71%
USS Rhode Island (BB-17) Scrap
68%
USS Louisiana (BB-19) Scrap
68%
USS New Hampshire (BB-25) Scrap
68%
USS Michigan (BB-27) Scrap
68%
USS Ohio (BB-12) Scrap
64%
USS Connecticut (BB-18) Scrap
64%
USS South Carolina (BB-26) Scrap
64%
USS California (BB-44) Scrap
64%
USS Colorado (BB-45) Scrap
64%
USS South Dakota (BB-49) Scrap
64%
USS Iowa (BB-61) Museum
61%
USS New Jersey (BB-62) Museum
61%
USS Missouri (BB-63) Museum
61%
USS Wisconsin (BB-64) Museum
61%
USS Illinois (BB-7) Scrap
61%
USS Mississippi (BB-41) Scrap
61%
USS Idaho (BB-42) Scrap
61%
USS Tennessee (BB-43) Scrap
61%
USS Indiana (BB-58) Scrap
61%
USS Illinois (BB-65) Scrap
61%
USS Nebraska (BB-14) Scrap
57%
USS Georgia (BB-15) Scrap
57%
USS Washington (BB-56) Scrap
57%
USS South Dakota (BB-57) Scrap
57%
USS Texas (BB-35) Museum
54%
USS Wisconsin (BB-9) Scrap
54%
USS New Mexico (BB-40) Scrap
54%
USS Indiana (BB-50) Scrap
54%
USS Montana (BB-51) Scrap
54%
USS Arizona (BB-39) Sunk
54%
USS Kentucky (BB-6) Scrap
50%
USS West Virginia (BB-48) Scrap
50%
USS Kearsarge (BB-5) Scrap
46%
USS Missouri (BB-11) Scrap
46%
USS Wyoming (BB-32) Scrap
46%
USS Maine (BB-10) Scrap
43%
USS Oklahoma (BB-37) Sunk
43%
USS Alabama (BB-60) Museum
39%
USS Oregon (BB-3) Scrap
39%
USS North Carolina (BB-52) Scrap
39%
USS Massachusetts (BB-54) Scrap
39%
USS North Carolina (BB-55) Museum
36%
USS Nevada (BB-36) Sunk
32%
USS Massachusetts (BB-59) Museum
29%
USS Iowa(BB-53) Scrap
29%
USS Texas Sunk
25%
USS Iowa (BB-4) Sunk
25%
USS Utah (BB-31) Sunk
21%
USS Pennsylvania (BB-38) Sunk
21%
USS Massachusetts (BB-2) Sunk
18%
USS Arkansas (BB-33) Sunk
18%
USS Idaho (BB-24) Sold, Sunk, and Scrap
14%
USS New York (BB-34) Sunk
14%
USS Mississippi (BB-23) Sold, Sunk, and Scrap
11%
USS Alabama (BB-8) Sunk
11%
USS New Jersey (BB-16) Sunk
7%
USS Virginia (BB-13) Sunk
4%
USS Washington (BB-47) Sunk
4%
USS Indiana (BB-1) Sunk and Scrap
4%
No matching quizzes found
Score Distribution
Percent of People with Each Score
Percentile by Number Answered
Your Score History
You have not taken this quiz